Život Krista

Bibliographic Details
Main Author: Papini, Giovanni, 1881-1956 (Author)
Other Authors: Pažitka, Mikuláš, 1918-2004 (Translator)
Format: Book
Language:Slovak
Italian
PhysicalDescription:460, [4] s. V. 8°
Published: Trnava Spolok sv. Vojtecha 1948
Edition:3. vyd.
Subjects:

MARC

LEADER 00000cam a2200000 a 4500
001 vtls008389440
003 SK-MaSNL
005 20260301123535.0
008 230403s1948 xo 000 f slo
015 |a SNBA19451955-008795 
035 |a SK01SNKBKSFS20010081657 
035 |a 5E1035A2-4A34-487B-A3D8-70D578E55019 
035 |a urn:nbn:sk:snk-am00dpyp 
035 |a urn:nbn:sk:snk-am3i6yg 
035 |a SKM000084120 
040 |a SNK  |b slo  |c SNK  |e AACR2 
041 1 |a slo  |h ita 
044 |a xo  |c SK 
080 |a 850-3  |2 1981 
080 |a 929 Ježiš Kristus  |2 1981 
100 1 |a Papini, Giovanni,  |d 1881-1956  |4 aut  |9 126139 
245 1 0 |a Život Krista  |c Giovanni Papini ; preložil Mikuláš Pažitka 
250 |a 3. vyd. 
260 |a Trnava  |b Spolok sv. Vojtecha  |c 1948  |e Turčiansky Sv. Martin  |f Kníhtlačiarsky účastinársky spolok 
300 |a 460, [4] s.  |c V. 8° 
500 |a Preložené z taliančiny 
600 0 7 |a Ježiš Kristus  |2 SNKMA 
650 0 7 |a katechéza  |2 SNKPH  |9 4064 
650 0 7 |a hagiografia  |2 SNKPH  |9 75797 
655 7 |a biografie  |2 SNKPH  |9 27965 
700 1 |a Pažitka, Mikuláš,  |d 1918-2004  |4 trl  |9 113522 
852 |a Slovenská národná knižnica 
954 |a odborná, vedecká literatúra cudzojazyčná (svetová)  |2 lita 
958 |a OND 
958 |a TL 
958 |a NT 
958 |a OP 
958 |a EUIPO 
999 |c 736604  |d 738534 
952 |a SNK  |b SNK  |y VYP  |7 0  |p 17A1554231  |o snkSC 3963 D1  |i snkVIII. 6950/48  |0 0  |1 0  |4 0  |d 2024-10-28  |l 0  |r 2026-02-23 22:46:38  |w 2026-02-23 
952 |a SNK  |b SNK  |y PREZ  |7 0  |p 17A0745670  |o snkSC 3963  |i snk5390/48  |0 0  |1 0  |4 0  |d 2018-10-24  |f 1  |l 0  |r 2025-06-25 00:00:00  |w 2026-02-23